000 00816nam a2200253Ia 4500
003 OSt
005 20220928125113.0
006 a|||||r|||| 00| 0
007 ta
008 220927b |||||||| |||| 00| 0 eng d
020 _cUKP 39.99
024 _a142065
037 _b6078, 23/01/2020, Ashutosh Technical Books
_cTextual
040 _aSDCL
_cSDCL
_beng
041 _2eng
_aeng
082 _aX:732-8, Q9
100 _aDaly Patrick
_9467997
245 0 _aInternational supply chain relationships
_b Creating competitive advantage in a globalized economy
260 _aNew Delhi
_bKogan Page
_c2019
300 _axvii,213p.
_ccm.
650 _aOperational Research
942 _hX:732-8, Q9
_cTEXL
_2CC
999 _c780885
_d780885